[Event "I Torneo Cecchina A"]
[Site "Roma ITA"]
[Date "1997.??.??"]
[Round "3"]
[White "Barro, Carlo"]
[Black "Campagna, Maurizio"]
[Result "1-0"]
[WhiteElo "1747"]
[BlackElo "1573"]
[PlyCount "61"]
[EventDate "1997.??.??"]

1. Nf3 e6 2. d4 f5 3. c4 b6 4. d5 exd5 5. Qxd5 Nc6 6. Ne5 Qf6 7. Nxc6 dxc6 8.
Qf3 Bd7 9. g3 Bb4+ 10. Nc3 Rd8 11. Bg2 Ne7 12. h4 h6 13. Bf4 Bd6 14. Rd1 O-O
15. O-O Ng6 16. Bxd6 cxd6 17. Qd3 Be8 18. f4 Ne7 19. e4 Bh5 20. Rde1 Rfe8 21.
exf5 Bg4 22. Ne4 Qxf5 23. Nf2 Qxd3 24. Nxd3 Bf5 25. Re3 Nc8 26. Rfe1 Bd7 27.
Nb4 c5 28. Nd5 Rxe3 29. Rxe3 Re8 30. Rxe8+ Bxe8 31. Bh3 1-0

[Event "I Torneo Cecchina A"]
[Site "Roma ITA"]
[Date "1997.??.??"]
[Round "3"]
[White "Bongiovanni, Marco"]
[Black "Scagliarini, Bruno"]
[Result "0-1"]
[WhiteElo "1624"]
[BlackElo "1974"]
[PlyCount "88"]
[EventDate "1997.??.??"]

1. e4 e6 2. d4 d5 3. Nc3 Bb4 4. e5 c5 5. a3 Bxc3+ 6. bxc3 Ne7 7. Qg4 Kf8 8. Bd3
Qa5 9. Bd2 Qa4 10. Nf3 Nbc6 11. Qf4 h6 12. dxc5 Qxf4 13. Bxf4 Ng6 14. Bxg6 fxg6
15. Nd4 g5 16. Bg3 a6 17. Rb1 Na5 18. O-O Ke7 19. f4 Nc4 20. f5 Nd2 21. fxe6
Nxf1 22. Kxf1 Ra7 23. Rb6 Rf8+ 24. Ke2 a5 25. c6 Ra6 26. Rxa6 bxa6 27. Nb3 a4
28. Nc5 Bxe6 29. Nxa6 d4 30. Nc5 dxc3 31. Nxe6 Kxe6 32. Kd3 Rc8 33. Kxc3 Rxc6+
34. Kd3 h5 35. h3 g6 36. c3 Rb6 37. Bf2 Rb2 38. Bd4 Rb3 39. Kc4 Rxa3 40. Kb4
Ra2 41. c4 a3 42. Kb3 Rd2 43. Ba1 Rxg2 44. Kxa3 Rg3+ 0-1

[Event "I Torneo Cecchina A"]
[Site "Roma ITA"]
[Date "1997.??.??"]
[Round "3"]
[White "Capone, Gioacchino"]
[Black "De Blasio, Alessandro"]
[Result "0-1"]
[WhiteElo "1699"]
[BlackElo "1570"]
[PlyCount "62"]
[EventDate "1997.??.??"]

1. e4 c5 2. Nf3 d6 3. d4 cxd4 4. Nxd4 Nf6 5. Nc3 g6 6. f3 Qb6 7. Bb5+ Bd7 8.
Qd3 a6 9. Bxd7+ Nbxd7 10. Nb3 Ne5 11. Qe2 Bg7 12. Be3 Qc7 13. O-O-O b5 14. Bg5
Nc4 15. Kb1 Nxb2 16. Nd5 Nxd5 17. Rxd5 Na4 18. Bd2 Nc3+ 19. Bxc3 Qxc3 20. e5
Bxe5 21. Rxe5 Qxe5 22. Qd2 O-O 23. Re1 Qf6 24. Nd4 Rfc8 25. Re4 Rc4 26. Rf4 Qg5
27. Ne6 Qh6 28. Qd5 Rac8 29. Rxc4 bxc4 30. Qb7 Re8 31. Qd7 Rb8+ 0-1

[Event "I Torneo Cecchina A"]
[Site "Roma ITA"]
[Date "1997.??.??"]
[Round "3"]
[White "Dentale, Enrico"]
[Black "Moroni, Marco"]
[Result "1/2-1/2"]
[WhiteElo "1600"]
[BlackElo "1806"]
[PlyCount "125"]
[EventDate "1997.??.??"]

1. d4 d5 2. c4 e5 3. dxe5 d4 4. Nf3 Nc6 5. a3 a5 6. e4 Bg4 7. Be2 Bxf3 8. gxf3
Nxe5 9. f4 Nc6 10. e5 Bc5 11. Bd3 Qe7 12. Qe2 g6 13. Kd1 Nh6 14. Re1 Qe6 15.
Nd2 Be7 16. Ne4 O-O-O 17. Ng5 Bxg5 18. fxg5 Ng4 19. f4 Ne3+ 20. Bxe3 dxe3 21.
Kc1 Nd4 22. Qxe3 Nb3+ 23. Kb1 Nxa1 24. Kxa1 Kb8 25. b3 Qb6 26. Be4 Qxe3 27.
Rxe3 c6 28. Kb1 h6 29. h3 hxg5 30. fxg5 Rd4 31. Kc2 Rh5 32. Kc3 c5 33. b4 axb4+
34. axb4 b6 35. Bd5 Rh7 36. bxc5 bxc5 37. Rf3 Rdh4 38. Bxf7 Rxh3 39. Rxh3 Rxh3+
40. Kd2 Kc7 41. Bxg6 Rg3 42. Bf7 Rxg5 43. e6 Kd6 44. Kc2 Re5 45. Kc3 Re1 46.
Kd2 Re5 47. Kc3 Kc7 48. Kb3 Re3+ 49. Kc2 Kd6 50. Kd2 Rxe6 51. Bxe6 Kxe6 52. Kd3
Kf5 53. Ke3 Ke5 54. Kd3 Kf4 55. Kd2 Ke4 56. Kc3 Ke3 57. Kc2 Kd4 58. Kb3 Kd3 59.
Kb2 Kxc4 60. Kc2 Kd4 61. Kd2 c4 62. Kc2 c3 63. Kc1 1/2-1/2

[Event "I Torneo Cecchina A"]
[Site "Roma ITA"]
[Date "1997.??.??"]
[Round "3"]
[White "Iacoacci, Giancarlo"]
[Black "Colantonio, Marco"]
[Result "0-1"]
[WhiteElo "1600"]
[BlackElo "1543"]
[PlyCount "106"]
[EventDate "1997.??.??"]

1. d4 Nf6 2. Nf3 g6 3. e3 Bg7 4. b3 O-O 5. Bb2 c5 6. c3 cxd4 7. cxd4 d5 8. Bd3
Nc6 9. O-O Nb4 10. Bc2 Bf5 11. Na3 a6 12. Bc3 Nc6 13. Bd3 Bxd3 14. Qxd3 b5 15.
Nc2 Ne4 16. Bb4 Qb6 17. Nd2 a5 18. Nxe4 dxe4 19. Qxe4 axb4 20. Rfd1 e6 21. Ne1
Ne7 22. Rd2 Rfc8 23. Rc2 Nd5 24. Nf3 Rxc2 25. Qxc2 Qc7 26. Qxc7 Nxc7 27. e4 Bh6
28. Ne5 Bd2 29. g3 Bc3 30. Rc1 Rxa2 31. Nc6 Na6 32. d5 exd5 33. Ne7+ Kf8 34.
Nxd5 Ra1 35. Rxa1 Bxa1 36. Kf1 Nc5 37. Nxb4 Nxe4 38. Ke2 Nc5 39. Nc2 Nxb3 40.
Nxa1 Nxa1 41. Kd2 Nb3+ 42. Kc3 Nc5 43. f3 Na6 44. Kd4 b4 45. Kc4 Ke7 46. h3 h5
47. f4 Ke6 48. g4 h4 49. Kd4 f5 50. g5 b3 51. Kc3 b2 52. Kxb2 Kd5 53. Kc3 Ke4
0-1

[Event "I Torneo Cecchina A"]
[Site "Roma ITA"]
[Date "1997.??.??"]
[Round "3"]
[White "Luzi, Alessandro"]
[Black "Iatrino, Vincenzo"]
[Result "1/2-1/2"]
[WhiteElo "1540"]
[BlackElo "1767"]
[PlyCount "161"]
[EventDate "1997.??.??"]

1. e4 e5 2. Nf3 Nc6 3. Bc4 Bc5 4. d3 d6 5. h3 h6 6. c3 Nf6 7. O-O Bb6 8. Be3
Bxe3 9. fxe3 Bd7 10. Nbd2 Na5 11. b4 Nxc4 12. Nxc4 O-O 13. a4 Be6 14. Na3 c6
15. Qd2 Nh5 16. Qf2 g6 17. Nh4 Qg5 18. Nf3 Qe7 19. Nh4 Kh7 20. g4 Ng7 21. Qf6
Qxf6 22. Rxf6 Ne8 23. Rf2 Kg7 24. Raf1 Nc7 25. Kh2 a5 26. b5 Bb3 27. bxc6 bxc6
28. Rb2 Bxa4 29. Nc4 Bb5 30. Nxd6 Bxd3 31. Rd1 Ba6 32. c4 c5 33. Nb7 Rab8 34.
Rdb1 Bxc4 35. Nxc5 Rxb2+ 36. Rxb2 Bb5 37. Nf3 Re8 38. Nb7 Bc6 39. Nxa5 Bxe4 40.
Nd2 Ba8 41. Kg3 Nd5 42. Kf2 Rc8 43. Nac4 f6 44. Ra2 Bc6 45. Ra7+ Rc7 46. Rxc7+
Nxc7 47. e4 Ne6 48. h4 Nf4 49. Nd6 Kf8 50. Kg3 Ke7 51. N2c4 Ke6 52. Kf3 Ba4 53.
Kg3 Bd1 54. Nb7 Ne2+ 55. Kh3 Nc3 56. Nc5+ Ke7 57. Kg3 Be2 58. Nd2 Kd6 59. Nb7+
Kc7 60. Nc5 Kd6 61. Nb7+ Kc6 62. Nd8+ Kd7 63. Nb7 Bd1 64. Nc5+ Kc6 65. Ne6 Kd6
66. Nd8 Kc5 67. Ne6+ Kd6 68. Nd8 Ke7 69. Nc6+ Kd7 70. Nb8+ Kc7 71. Na6+ Kb6 72.
Nb8 Ba4 73. g5 hxg5 74. hxg5 fxg5 75. Nc4+ Kb7 76. Nxe5 Kxb8 77. Nxg6 Nxe4+ 78.
Kg4 Bd7+ 79. Kf3 Nf6 80. Ne5 Bc8 81. Nf7 1/2-1/2

[Event "I Torneo Cecchina A"]
[Site "Roma ITA"]
[Date "1997.??.??"]
[Round "3"]
[White "Marotta, Michele"]
[Black "Vignato, Giovanni"]
[Result "0-1"]
[WhiteElo "1600"]
[BlackElo "2150"]
[PlyCount "60"]
[EventDate "1997.??.??"]

1. d4 f5 2. c4 Nf6 3. Nc3 g6 4. Nf3 Bg7 5. e3 d6 6. Be2 O-O 7. Qc2 Nc6 8. a3 e5
9. d5 Ne7 10. O-O h6 11. Ne1 g5 12. f4 gxf4 13. e4 fxe4 14. Nxe4 Nxe4 15. Qxe4
Bf5 16. Qf3 Ng6 17. Bd3 Qg5 18. Bxf5 Qxf5 19. Qf2 b6 20. Nf3 Qd3 21. Bd2 e4 22.
Ne1 Qxc4 23. Rc1 Qxd5 24. Bc3 Bxc3 25. Rxc3 c5 26. Qc2 Qf5 27. Rh3 Kg7 28. Qc3+
Qe5 29. Qd2 d5 30. g3 Qf5 0-1

[Event "I Torneo Cecchina A"]
[Site "Roma ITA"]
[Date "1997.??.??"]
[Round "3"]
[White "Marzano, Carlo"]
[Black "Spano' Cuomo, Gaetano"]
[Result "1-0"]
[WhiteElo "2160"]
[BlackElo "1641"]
[PlyCount "51"]
[EventDate "1997.??.??"]

1. d4 Nf6 2. Nf3 e6 3. Bg5 d5 4. Nbd2 c5 5. e3 Nc6 6. c3 cxd4 7. exd4 Bd7 8.
Bd3 Bd6 9. O-O h6 10. Bh4 g5 11. Bg3 Qc7 12. Re1 Bxg3 13. hxg3 O-O-O 14. b4 Ng4
15. a4 f5 16. b5 Na5 17. Ne5 Nxe5 18. Rxe5 h5 19. c4 h4 20. cxd5 hxg3 21. Rc1
Bc6 22. bxc6 b6 23. Ba6+ Kb8 24. fxg3 Rh6 25. Qe2 Rdh8 26. Rxe6 1-0

[Event "I Torneo Cecchina A"]
[Site "Roma ITA"]
[Date "1997.??.??"]
[Round "3"]
[White "Medori, Marco"]
[Black "Mastroddi, Emiliano"]
[Result "0-1"]
[WhiteElo "1600"]
[BlackElo "1753"]
[PlyCount "72"]
[EventDate "1997.??.??"]

1. e4 c5 2. c3 d5 3. exd5 Qxd5 4. d4 Nf6 5. Nf3 Bg4 6. Be2 Nc6 7. O-O e6 8. Be3
cxd4 9. cxd4 Bb4 10. Nc3 Qd6 11. Nb5 Qe7 12. Rc1 a6 13. Nc3 O-O 14. Ne5 Bxe2
15. Qxe2 Nxe5 16. dxe5 Nd7 17. f4 Bc5 18. Ne4 Rac8 19. Bxc5 Nxc5 20. Nd6 Rc7
21. Qd2 b6 22. b4 Na4 23. Rxc7 Qxc7 24. Rc1 Qd7 25. Rc2 b5 26. Qc1 Qa7+ 27. Kh1
Qd4 28. Rc8 g6 29. a3 Nb6 30. Rc6 Nd5 31. Rxa6 Nxf4 32. Nxb5 Qd5 33. Qf1 Rc8
34. Ra8 Qxa8 35. Qxf4 Qd5 36. Qf1 Qxb5 0-1

[Event "I Torneo Cecchina A"]
[Site "Roma ITA"]
[Date "1997.??.??"]
[Round "3"]
[White "Minerva, Enzo"]
[Black "Farina, Saverio"]
[Result "1/2-1/2"]
[WhiteElo "1809"]
[BlackElo "2195"]
[PlyCount "103"]
[EventDate "1997.??.??"]

1. e4 e6 2. d3 d5 3. Nd2 c5 4. Ngf3 Nc6 5. g3 Nf6 6. Bg2 Be7 7. O-O O-O 8. Re1
Qc7 9. e5 Nd7 10. Qe2 b5 11. c4 Nb6 12. cxb5 Nb4 13. Nb3 c4 14. dxc4 Qxc4 15.
Na5 Qxe2 16. Rxe2 Bd7 17. Nd4 Rfc8 18. a3 Nd3 19. Ndc6 Nxc1 20. Rxc1 Bf8 21.
Rec2 g6 22. Bf1 Kg7 23. Nb7 Rc7 24. Ncd8 Rxc2 25. Rxc2 Rc8 26. Nc6 Rc7 27. Nc5
Bxc6 28. Na6 Rc8 29. bxc6 Be7 30. Bb5 f6 31. f4 fxe5 32. fxe5 Bg5 33. Kf2 Kf7
34. h4 Bh6 35. Nb4 Bg7 36. Ba6 Rc7 37. Bb7 Bxe5 38. Na6 Ke7 39. Nxc7 Bxc7 40.
Ba6 Kd6 41. g4 d4 42. Kf3 Nd5 43. Bd3 e5 44. Be4 Nf4 45. b4 Ne6 46. a4 Bd8 47.
Kg3 Nf4 48. Kf3 Ne6 49. a5 Bxh4 50. c7 Nxc7 51. Rh2 Be1 52. Rxh7 1/2-1/2

[Event "I Torneo Cecchina A"]
[Site "Roma ITA"]
[Date "1997.??.??"]
[Round "3"]
[White "Montecchi, Ugo"]
[Black "De Blasio, Massimo"]
[Result "0-1"]
[WhiteElo "1833"]
[BlackElo "2250"]
[PlyCount "72"]
[EventDate "1997.??.??"]

1. e4 c5 2. d4 cxd4 3. c3 dxc3 4. Nxc3 d6 5. Nf3 e6 6. Bc4 Nc6 7. O-O a6 8. Qe2
b5 9. Bb3 Ra7 10. Rd1 Rd7 11. Bf4 Nge7 12. Rac1 Bb7 13. Ng5 Ng6 14. Be3 Qf6 15.
Nxb5 Nf4 16. Qg4 axb5 17. Bxf4 h5 18. Qg3 Nd4 19. Be3 Ne2+ 20. Kf1 Nxg3+ 21.
hxg3 Be7 22. e5 Qxe5 23. Bf4 Qf6 24. Bc2 g6 25. Be4 d5 26. Bd3 O-O 27. Bxb5 Rd6
28. Nf3 Ba6 29. Bxa6 Rxa6 30. Bg5 Qxb2 31. Bxe7 Rxa2 32. Nd2 Rfa8 33. Rb1 Qc2
34. Bf6 Qd3+ 35. Kg1 Rxd2 36. Rdc1 Qf5 0-1

[Event "I Torneo Cecchina A"]
[Site "Roma ITA"]
[Date "1997.??.??"]
[Round "3"]
[White "Orazi, Carlo"]
[Black "Passali, Giovanni"]
[Result "1/2-1/2"]
[WhiteElo "1600"]
[BlackElo "1633"]
[PlyCount "40"]
[EventDate "1997.??.??"]

1. d4 d5 2. c4 e6 3. Nc3 Nf6 4. Bg5 Nbd7 5. cxd5 exd5 6. e3 Be7 7. Bd3 O-O 8.
Qc2 Re8 9. Nge2 c6 10. O-O Nf8 11. f3 h6 12. Bh4 N6h7 13. Bf2 c5 14. Bb5 Bd7
15. Bxd7 Qxd7 16. Rad1 cxd4 17. Rxd4 Nf6 18. Qd2 Ne6 19. Rd3 Nc5 20. Rd4 Ne6
1/2-1/2

[Event "I Torneo Cecchina A"]
[Site "Roma ITA"]
[Date "1997.??.??"]
[Round "3"]
[White "Papetti, Francesco"]
[Black "Attanasi, Salvatore"]
[Result "1-0"]
[WhiteElo "1780"]
[BlackElo "1672"]
[PlyCount "63"]
[EventDate "1997.??.??"]

1. d4 Nf6 2. c4 e6 3. Nf3 b6 4. g3 Bb7 5. Bg2 Be7 6. O-O O-O 7. Nc3 Ne4 8. Qc2
Nxc3 9. bxc3 f5 10. Bf4 d6 11. Rad1 Nd7 12. h4 Bxf3 13. Bxf3 Rb8 14. e4 fxe4
15. Qxe4 Bxh4 16. gxh4 Qxh4 17. Qxe6+ Kh8 18. Bg3 Qg5 19. Qg4 Qh6 20. Kg2 Nf6
21. Qf5 g6 22. Qh3 Qg5 23. Rde1 h5 24. Qh4 Qf5 25. Qf4 Qd3 26. Be4 Nxe4 27.
Qh6+ Kg8 28. Qxg6+ Kh8 29. Qxh5+ Kg7 30. Qg4+ Kf7 31. Rxe4 Rg8 32. Qf5+ 1-0

[Event "I Torneo Cecchina A"]
[Site "Roma ITA"]
[Date "1997.??.??"]
[Round "3"]
[White "Pasqualucci, Colombo"]
[Black "Gardon, Ermanno"]
[Result "0-1"]
[WhiteElo "1794"]
[BlackElo "1722"]
[PlyCount "54"]
[EventDate "1997.??.??"]

1. e4 e6 2. Nf3 c5 3. d4 cxd4 4. Nxd4 Nf6 5. Nc3 Nc6 6. Bc4 Bb4 7. Nxc6 bxc6 8.
Qf3 d5 9. Bg5 dxe4 10. Bxf6 Qxf6 11. Qxe4 Bxc3+ 12. bxc3 Qxc3+ 13. Ke2 O-O 14.
Rab1 f5 15. Qxc6 Qxc2+ 16. Kf3 Qc3+ 17. Ke2 Ba6 18. Qxa6 Qc2+ 19. Ke3 Qe4+ 20.
Kd2 Rfd8+ 21. Kc3 Qd4+ 22. Kb3 Rab8+ 23. Ka3 Qc5+ 24. Ka4 Kh8 25. Qxe6 a5 26.
Rxb8 Rxb8 27. a3 Rb4+ 0-1

[Event "I Torneo Cecchina A"]
[Site "Roma ITA"]
[Date "1997.??.??"]
[Round "3"]
[White "Quimi, Marco"]
[Black "Mastropietro, Marco"]
[Result "0-1"]
[WhiteElo "2240"]
[BlackElo "1890"]
[PlyCount "94"]
[EventDate "1997.??.??"]

1. e4 c6 2. d4 d5 3. e5 Na6 4. Bd3 g6 5. Nf3 Nh6 6. Bxh6 Bxh6 7. c3 Nc7 8. O-O
O-O 9. Re1 Ne6 10. g3 Ng7 11. Nh4 Bg5 12. Ng2 Bh3 13. f4 Bxg2 14. Kxg2 Bh6 15.
Qc2 f5 16. exf6 Rxf6 17. Nd2 Qd7 18. Nf3 Bxf4 19. gxf4 Qg4+ 20. Kf2 Qxf4 21.
Re3 Qxh2+ 22. Ke1 Qh1+ 23. Kd2 Qxa1 24. Ne1 Rf2+ 25. Be2 Nf5 26. Rh3 Qxa2 27.
Qc1 Qa5 28. Kd1 Qc7 29. Nd3 Rh2 30. Rf3 Rh1+ 31. Ne1 Qh2 32. Bf1 Qh6 33. Rf4
Rh4 34. Ng2 Rxf4 35. Nxf4 Qh1 36. Kc2 Qe4+ 37. Nd3 Ne3+ 38. Kb3 Qf3 39. Ne5
Qd1+ 40. Qxd1 Nxd1 41. Bh3 Nf2 42. Be6+ Kg7 43. Nd7 h5 44. Kc2 h4 45. Ne5 h3
46. Nf3 Kf6 47. Bd7 Rd8 0-1

[Event "I Torneo Cecchina A"]
[Site "Roma ITA"]
[Date "1997.??.??"]
[Round "3"]
[White "Ridolfi, Raffaele"]
[Black "Simeoni, Matteo"]
[Result "1-0"]
[WhiteElo "1633"]
[BlackElo "1830"]
[PlyCount "135"]
[EventDate "1997.??.??"]

1. d4 f5 2. c4 e6 3. Nf3 Nf6 4. g3 Bb4+ 5. Bd2 Be7 6. Bg2 O-O 7. O-O d6 8. Nc3
Qe8 9. Qc2 Nbd7 10. e4 fxe4 11. Nxe4 e5 12. Nxf6+ Bxf6 13. dxe5 Bxe5 14. Rae1
Qh5 15. Nxe5 Nxe5 16. Bd5+ Kh8 17. f4 Ng4 18. Bc3 c6 19. Be4 Nf6 20. Bxf6 gxf6
21. Bd3 Bg4 22. Re7 Rf7 23. Rfe1 Raf8 24. Qf2 Qa5 25. Bb1 a6 26. Qe3 Qd8 27. b3
Kg7 28. Qe4 Kg8 29. Re8 Rxe8 30. Qxe8+ Qxe8 31. Rxe8+ Kg7 32. Kf2 Bd7 33. Rb8
Bg4 34. Rd8 Rd7 35. Rxd7+ Bxd7 36. Be4 f5 37. Bf3 b5 38. cxb5 cxb5 39. b4 Kf6
40. Bb7 Ke6 41. Ke3 Be8 42. Bxa6 Kd5 43. Kd3 Bd7 44. Bb7+ Ke6 45. Kd4 Kf6 46.
a3 h6 47. Kd5 Ke7 48. Bc6 Be6+ 49. Kd4 Bd7 50. Bxd7 Kxd7 51. Kd5 h5 52. h3 Kc7
53. Ke6 Kc6 54. Kxf5 Kd5 55. Kg6 Ke4 56. f5 d5 57. f6 d4 58. f7 d3 59. f8=Q d2
60. Qd6 Ke3 61. Qe5+ Kf2 62. Qd4+ Ke2 63. Qe4+ Kf2 64. Qd3 Ke1 65. Qe3+ Kd1 66.
Kxh5 Kc2 67. Qe2 Kc1 68. Kg4 1-0

[Event "I Torneo Cecchina A"]
[Site "Roma ITA"]
[Date "1997.??.??"]
[Round "3"]
[White "Rossi De Gasperis, Pietro"]
[Black "Rotondi, Paolo"]
[Result "1-0"]
[WhiteElo "1800"]
[BlackElo "1660"]
[PlyCount "63"]
[EventDate "1997.??.??"]

1. e4 c6 2. d4 d5 3. e5 Bf5 4. Bd3 Bxd3 5. Qxd3 e6 6. Ne2 Nd7 7. O-O c5 8. c3
Ne7 9. Ng3 Nc6 10. Be3 Qb6 11. b3 Be7 12. f4 g6 13. Kh1 h5 14. Nd2 h4 15. Ne2
O-O-O 16. Rfc1 Kb8 17. a3 Rdg8 18. c4 Qd8 19. cxd5 exd5 20. dxc5 Nf8 21. Nd4
Qd7 22. N2f3 h3 23. g3 Qg4 24. Nxc6+ bxc6 25. Nd4 Kb7 26. Rf1 Bxc5 27. Nxc6
Bxe3 28. Qxd5 Qd7 29. Nd8+ Ka6 30. Qc4+ Qb5 31. Qc8+ Ka5 32. b4+ 1-0

[Event "I Torneo Cecchina A"]
[Site "Roma ITA"]
[Date "1997.??.??"]
[Round "3"]
[White "Scacco, Mauro"]
[Black "Chiaretti, Roberto"]
[Result "0-1"]
[WhiteElo "2045"]
[BlackElo "2150"]
[PlyCount "76"]
[EventDate "1997.??.??"]

1. e4 e6 2. d4 d5 3. Nc3 Bb4 4. e5 c5 5. a3 Bxc3+ 6. bxc3 Ne7 7. a4 Qc7 8. Nf3
b6 9. Bb5+ Kf8 10. Ba3 Ba6 11. Bxa6 Nxa6 12. Qd3 c4 13. Qd2 Kg8 14. h4 Nb8 15.
h5 h6 16. g4 Nbc6 17. Ke2 Kh7 18. g5 Nf5 19. Rag1 Rhe8 20. Kf1 a6 21. Qf4 b5
22. Rg4 bxa4 23. Rhg1 Rg8 24. Nh2 Rab8 25. gxh6 Nxh6 26. Bc1 Nf5 27. h6 g6 28.
R4g2 Rb1 29. Ng4 a3 30. Nf6+ Kh8 31. Nxg8 Kxg8 32. h7+ Kh8 33. Qg5 Qe7 34. Ke2
a2 35. Qxe7 Ncxe7 36. Bb2 Rxb2 37. Ra1 Rxc2+ 38. Kd1 Ne3+ 0-1

[Event "I Torneo Cecchina A"]
[Site "Roma ITA"]
[Date "1997.??.??"]
[Round "3"]
[White "Scagliarini, Valentina"]
[Black "Ottavi, Marco"]
[Result "1-0"]
[WhiteElo "1642"]
[BlackElo "1945"]
[PlyCount "73"]
[EventDate "1997.??.??"]

1. e4 c5 2. Nf3 d6 3. d4 cxd4 4. Nxd4 Nf6 5. Nc3 g6 6. Be3 Bg7 7. f3 O-O 8. Qd2
Nc6 9. g4 Nxd4 10. Bxd4 Be6 11. h4 h5 12. gxh5 Nxh5 13. Bxg7 Kxg7 14. O-O-O Qa5
15. Qd4+ Qe5 16. Qxe5+ dxe5 17. Nd5 Bxd5 18. Rxd5 Kf6 19. Rd7 Rab8 20. Bc4 b5
21. Bb3 a6 22. Ra7 Rb6 23. Rd1 Nf4 24. Rdd7 Re8 25. a4 bxa4 26. Bxa4 Ne6 27.
Rdb7 Rxb7 28. Rxb7 Rd8 29. Bb3 Nd4 30. Bc4 Rd6 31. b4 Nxf3 32. Be2 Nxh4 33. c4
Ng2 34. c5 Rd8 35. Bxa6 Nf4 36. c6 Rc8 37. c7 $139 1-0

[Event "I Torneo Cecchina A"]
[Site "Roma ITA"]
[Date "1997.??.??"]
[Round "3"]
[White "Siraco, Maurizio"]
[Black "Palombi, Roberto"]
[Result "1-0"]
[WhiteElo "1911"]
[BlackElo "2055"]
[PlyCount "67"]
[EventDate "1997.??.??"]

1. d4 Nf6 2. Bg5 Ne4 3. h4 c6 4. Nd2 d5 5. e3 Qa5 6. c3 Bf5 7. Nxe4 dxe4 8. Bc4
b5 9. Qb3 bxc4 10. Qb7 Qb6 11. Qxa8 e5 12. dxe5 Be7 13. Ne2 Bxg5 14. hxg5 O-O
15. Nd4 Bd7 16. Nb5 Qxb5 17. Qxa7 Qxb2 18. O-O Qxc3 19. Qc7 Be6 20. Rab1 Nd7
21. Qxc6 Nxe5 22. Qxe4 Nd3 23. a4 Qa5 24. f4 g6 25. g4 Bxg4 26. Qxc4 Be2 27.
Rfe1 Nxf4 28. Qxf4 Bd3 29. Rbc1 Re8 30. Red1 Be4 31. Rd7 Bf5 32. Rd4 Qb6 33.
Rcd1 Qb3 34. Rd8 1-0

[Event "I Torneo Cecchina A"]
[Site "Roma ITA"]
[Date "1997.??.??"]
[Round "3"]
[White "Solaroli, Riccardo"]
[Black "Franchi, Jose' Maria"]
[Result "1-0"]
[WhiteElo "1663"]
[BlackElo "1915"]
[PlyCount "83"]
[EventDate "1997.??.??"]

1. e4 c5 2. c3 d6 3. d4 Nf6 4. dxc5 dxc5 5. Qxd8+ Kxd8 6. e5 Nd5 7. Bc4 Be6 8.
Bb3 Nc6 9. Nf3 Nc7 10. Bc2 h6 11. Bf4 g5 12. Bg3 g4 13. Nh4 Bg7 14. f4 gxf3 15.
Nxf3 Nd5 16. Kf2 Kc7 17. Re1 b5 18. Nbd2 Na5 19. Nh4 Rad8 20. Ne4 Kc6 21. a4 b4
22. Bd3 c4 23. Bc2 bxc3 24. bxc3 Bg4 25. Rab1 Nxc3 26. Rb2 Nd1+ 27. Bxd1 Rxd1
28. Rxd1 Bxd1 29. Nf5 Bf8 30. Rb8 Bc2 31. Nd4+ Kd5 32. Nxc2 Kxe4 33. Ra8 Nc6
34. Ne3 c3 35. Rc8 Nxe5 36. Bxe5 Kxe5 37. Rxc3 Kd6 38. Rb3 Bg7 39. Nf5+ Ke5 40.
Nxg7 Rg8 41. Rb5+ Kd4 42. Nf5+ 1-0

[Event "I Torneo Cecchina A"]
[Site "Roma ITA"]
[Date "1997.??.??"]
[Round "3"]
[White "Vanzan, Alessandro"]
[Black "Spaziani, Gianni"]
[Result "1-0"]
[WhiteElo "1528"]
[BlackElo "1761"]
[PlyCount "84"]
[EventDate "1997.??.??"]

1. c4 e6 2. Nc3 c6 3. d4 d5 4. cxd5 exd5 5. Nf3 Bd6 6. g3 h6 7. Bg2 Nf6 8. O-O
Bg4 9. Qc2 Qc8 10. e4 dxe4 11. Nxe4 Nxe4 12. Qxe4+ Be6 13. Re1 O-O 14. Bf4 Bb4
15. Rec1 Bd5 16. Qc2 Re8 17. a3 Ba5 18. b4 Bc7 19. Bxc7 Qxc7 20. b5 Nd7 21. a4
Rac8 22. Ra3 Nf6 23. Rc3 Ne4 24. Re3 Re7 25. Ne5 Nf6 26. bxc6 bxc6 27. Bh3 Rb8
28. Nxc6 Rxe3 29. fxe3 Rb6 30. Ne5 Qxc2 31. Rxc2 Rb1+ 32. Bf1 Bb3 33. Rc8+ Kh7
34. Rb8 Ne4 35. Kg2 Nd2 36. Bd3+ g6 37. Bxb1 Bd5+ 38. Kf2 f6 39. Nd7 Kg7 40.
Bd3 f5 41. Rd8 Be6 42. Nc5 Nf3 1-0

[Event "I Torneo Cecchina A"]
[Site "Roma ITA"]
[Date "1997.??.??"]
[Round "3"]
[White "Vigile, Matteo"]
[Black "Esuperanzi, Gianbattista"]
[Result "0-1"]
[WhiteElo "1771"]
[BlackElo "1600"]
[PlyCount "90"]
[EventDate "1997.??.??"]

1. e4 c5 2. c3 Nf6 3. e5 Nd5 4. d4 cxd4 5. cxd4 e6 6. Nf3 Nc6 7. Nc3 Nb6 8. a3
a6 9. Bd3 Be7 10. h4 d6 11. Be3 Nd5 12. Qe2 Nxc3 13. bxc3 Qa5 14. O-O dxe5 15.
Rfb1 exd4 16. cxd4 O-O 17. Bg5 Bxg5 18. Rb5 axb5 19. Bxh7+ Kxh7 20. Nxg5+ Kg6
21. Qg4 f5 22. h5+ Kf6 23. Nh7+ Ke7 24. Qxg7+ Rf7 25. Qg5+ Kd7 26. Nf6+ Rxf6
27. Qxf6 Qd8 28. Qg7+ Qe7 29. Qg6 Qf8 30. d5 exd5 31. Re1 Ne7 32. Qg5 Ra6 33.
h6 Rxh6 34. Rxe7+ Qxe7 35. Qxh6 Kc7 36. Qc1+ Kb8 37. Qc3 Bd7 38. Qa5 Bc6 39.
Qb6 Qd7 40. Qc5 d4 41. Qf8+ Kc7 42. Qb4 d3 43. Qd2 Qd6 44. f3 Qd4+ 45. Kh2 f4
0-1

[Event "I Torneo Cecchina A"]
[Site "Roma ITA"]
[Date "1997.??.??"]
[Round "4"]
[White "Arabito, Giuseppe"]
[Black "Spaziani, Gianni"]
[Result "1-0"]
[WhiteElo "1558"]
[BlackElo "1761"]
[PlyCount "123"]
[EventDate "1997.??.??"]

1. e4 e6 2. d4 d5 3. Nd2 c5 4. exd5 Qxd5 5. Ngf3 cxd4 6. Bc4 Qc5 7. Qe2 Nc6 8.
Nb3 Qb6 9. O-O Bd6 10. Rd1 Nf6 11. Nbxd4 Nxd4 12. Nxd4 Bc5 13. Bb5+ Bd7 14.
Bxd7+ Nxd7 15. c3 Nf6 16. Qb5+ Ke7 17. Qxb6 Bxb6 18. Bg5 Rhd8 19. Nf3 Rac8 20.
Rac1 a5 21. Kf1 h6 22. Bxf6+ Kxf6 23. Ke2 Ke7 24. Rxd8 Rxd8 25. c4 Bc5 26. b3
f6 27. Ne1 e5 28. Nc2 Ke6 29. a3 Bb6 30. Ne3 Bc5 31. Nc2 Bb6 32. Ne3 Bd4 33.
Rd1 Rc8 34. Nc2 Bc5 35. Rd5 b5 36. b4 axb4 37. axb4 Bd6 38. Rxb5 Rxc4 39. Kd3
Rc7 40. Ne3 f5 41. Rb6 e4+ 42. Kd4 Rd7 43. Nc4 Ke7 44. Rxd6 Rxd6+ 45. Nxd6 Kxd6
46. b5 g6 47. b6 Kc6 48. Ke5 Kxb6 49. g3 Kc6 50. Kf6 Kd6 51. Kxg6 Ke5 52. Kxh6
f4 53. Kg5 f3 54. Kg4 Kd4 55. h4 Kd3 56. h5 Ke2 57. h6 Kxf2 58. h7 Kg2 59. h8=Q
f2 60. Qh3+ Kg1 61. Kf4 f1=Q+ 62. Qxf1+ 1-0

[Event "I Torneo Cecchina A"]
[Site "Roma ITA"]
[Date "1997.??.??"]
[Round "4"]
[White "Attanasi, Salvatore"]
[Black "Simeoni, Matteo"]
[Result "1/2-1/2"]
[WhiteElo "1672"]
[BlackElo "1830"]
[PlyCount "56"]
[EventDate "1997.??.??"]

1. e4 c5 2. d4 cxd4 3. c3 Nf6 4. e5 Nd5 5. cxd4 d6 6. Bc4 dxe5 7. dxe5 e6 8.
Nf3 Be7 9. O-O O-O 10. Bxd5 Qxd5 11. Qxd5 exd5 12. Nc3 Rd8 13. Rd1 Be6 14. Nb5
Rd7 15. Be3 Nc6 16. Nbd4 Bg4 17. h3 Bxf3 18. Nxf3 Rad8 19. Bd4 Nxd4 20. Nxd4
Bc5 21. Kf1 Re7 22. Nf3 g6 23. Rac1 Bb6 24. Rc2 Rc7 25. Rcd2 Rc5 26. Nd4 a5 27.
e6 Rc7 28. exf7+ Kxf7 1/2-1/2

[Event "I Torneo Cecchina A"]
[Site "Roma ITA"]
[Date "1997.??.??"]
[Round "4"]
[White "Bongiovanni, Marco"]
[Black "Montecchi, Ugo"]
[Result "0-1"]
[WhiteElo "1624"]
[BlackElo "1833"]
[PlyCount "58"]
[EventDate "1997.??.??"]

1. e4 c5 2. Nf3 d6 3. d4 cxd4 4. Nxd4 Nf6 5. Nc3 g6 6. f4 Nc6 7. Nxc6 bxc6 8.
e5 dxe5 9. Qxd8+ Kxd8 10. fxe5 Ng4 11. Bf4 Be6 12. h3 g5 13. O-O-O+ Kc7 14. Bg3
Ne3 15. Rd3 Nf5 16. Bf2 Bg7 17. g4 Nh4 18. Bg3 Ng6 19. Re3 h5 20. Bg2 hxg4 21.
hxg4 Nf4 22. Bf3 Rxh1+ 23. Bxh1 Bxg4 24. e6 Bxe6 25. Ne4 Rh8 26. Bf3 Rh3 27.
Bd1 Bd4 28. Rd3 Be5 29. Nxg5 Nxd3+ 0-1

[Event "I Torneo Cecchina A"]
[Site "Roma ITA"]
[Date "1997.??.??"]
[Round "4"]
[White "Campagna, Maurizio"]
[Black "Vigile, Matteo"]
[Result "0-1"]
[WhiteElo "1573"]
[BlackElo "1771"]
[PlyCount "58"]
[EventDate "1997.??.??"]

1. d4 Nf6 2. c4 c5 3. d5 b5 4. b3 bxc4 5. bxc4 d6 6. Qb3 g6 7. Bb2 Bg7 8. f3
O-O 9. e4 Nbd7 10. Nd2 Rb8 11. Qc2 Rxb2 12. Qxb2 Nxe4 13. Qc2 Bxa1 14. Qxe4 Nf6
15. Qc2 e6 16. Nb3 Be5 17. Ne2 exd5 18. f4 dxc4 19. Qxc4 Be6 20. Qc1 Bd4 21.
Nexd4 cxd4 22. Bd3 Bxb3 23. axb3 Re8+ 24. Kd1 Ng4 25. Qd2 Ne3+ 26. Kc1 Qb6 27.
Qa2 Qc5+ 28. Kb1 Qc3 29. Ba6 Rb8 0-1